<?xml version="1.0" encoding="UTF-8"?>
<collection xmlns="http://www.loc.gov/MARC21/slim">
 <record>
  <leader>00423pamaa2200145   4500</leader>
  <controlfield tag="001">0000002668</controlfield>
  <controlfield tag="005">20080920090000.0</controlfield>
  <datafield tag="020" ind1="0" ind2="0">
   <subfield code="a">0534518672 </subfield>
  </datafield>
  <datafield tag="082" ind1=" " ind2=" ">
   <subfield code="a">302.2 WOO</subfield>
  </datafield>
  <datafield tag="090" ind1="0" ind2="0">
   <subfield code="a">P90 </subfield>
   <subfield code="b">WOO 1998</subfield>
  </datafield>
  <datafield tag="100" ind1="1" ind2="0">
   <subfield code="a">Wood </subfield>
  </datafield>
  <datafield tag="245" ind1="1" ind2="0">
   <subfield code="a">Communication mosaics : </subfield>
   <subfield code="b">a new introduction to the field of communication  </subfield>
   <subfield code="c">Julia T. Wood.</subfield>
  </datafield>
  <datafield tag="260" ind1="0" ind2="0">
   <subfield code="a">California: </subfield>
   <subfield code="b">Wadsworth Pub., </subfield>
   <subfield code="c">1998.</subfield>
  </datafield>
  <datafield tag="300" ind1=" " ind2=" ">
   <subfield code="a">xvi, 506p.: </subfield>
   <subfield code="b">ill.; </subfield>
   <subfield code="c">26cm.</subfield>
  </datafield>
  <datafield tag="650" ind1="0" ind2="0">
   <subfield code="a">Communication </subfield>
  </datafield>
 </record>
</collection>
